000 00617nab a2200205 4500
001 866
003 OSt
005 20240104122442.0
007 tu
008 ||||||||||||
040 _aDE-2950
_cDE-2950
245 0 0 _aZur Erstaufmessung der Stadt Frankfurt (Oder) /
_cFriedwerd Messow
260 _c2023
490 _aGeplante Stadt am Strom. Aspekte Frankfurter Baukultur
_vFrankfurter Jahrbuch 2023
525 _aEnthaltene Fotografien: zahlreiche Fotografien
653 _aFrankfurt (Oder)
653 _aVermessung
773 0 _g01.01.2023-31.12.2023, S. 11-18
_tFrankfurter Jahrbuch 2023
942 _2z
_cA
999 _c372891
_d372891